The Six Hadiths - Statistics

General Stats
  • This quiz has been taken 37 times
  • The average score is 5 of 6
Answer Stats
Collected by Book % Correct
Imam Muslim Sahih Muslim
100%
Imam Bukhari Sahih al-Bukhari
96%
Abu Dawood Sunan Abu Dawood
96%
Imam al-Tirmidhi Jami al-Tirmidhi
87%
Ibn Majah Sunan ibn Majah
78%
Al-Nasa'i Sunan al-Sughra
74%
No matching quizzes found
Score Distribution
Percent of People with Each Score
Percentile by Number Answered
Your Score History
You have not taken this quiz